| 000 | 00451cam a2200193ua 4500 | ||
|---|---|---|---|
| 001 | 8935 | ||
| 008 | 150218n ii |||gr||||Z||||||asm | ||
| 020 | _a9788172131197 | ||
| 040 | _cMAIN | ||
| 041 | _aasm | ||
| 082 | _a891.4513 | ||
| 100 |
_aBora, D., _eAuthor. |
||
| 245 | 1 |
_aKalijar ai _cBy Dillip Bora |
|
| 250 | _a4th. | ||
| 260 |
_aGuwahati: _bPB, _c2010. |
||
| 300 | _a270p. | ||
| 653 | _aEast Indo-European & Celtic literatures | ||
| 942 | _cBK | ||
| 999 |
_c8029 _d8029 |
||